Score 0/25 Timer 03:00
6 Plays Today
Country % Correct
Iran
90.4%
Saudi Arabia
87.5%
Iraq
81.7%
United Arab Emirates
70%
Egypt
65.2%
Kuwait
65.1%
Oman
64.9%
Qatar
55.6%
Venezuela
51.6%
Nigeria
43.6%
Afghanistan
43.3%
Bahrain
42.1%
Algeria
38.1%
Country % Correct
Sudan
34.8%
Kazakhstan
32.4%
Uzbekistan
30.7%
Azerbaijan
27.6%
Kyrgyzstan
25%
Malaysia
18%
Ecuador
14.4%
Turkmenistan
13%
Bolivia
11.4%
Angola
10.3%
Myanmar
7.3%
Haiti
4.4%

You're not logged in!

Compare scores with friends on all Sporcle quizzes.
OR
Log In

Sporcle TV

Today on Sporcle TV


Watch our educational content, quiz creation guides, and fun videos on Sporcle TV.

Show Comments

Extras

Top Quizzes Today


Score Distribution

Paid Content

Your Account Isn't Verified!

In order to create a playlist on Sporcle, you need to verify the email address you used during registration. Go to your Sporcle Settings to finish the process.

Report this User

Report this user for behavior that violates our Community Guidelines.

Details: